[Event "HUN-chT 1718"]
[Site "Hungary"]
[Date "2017.12.03"]
[Round "3.12"]
[White "Juhasz, Barbara"]
[Black "Fuad Kamel Jamaliah, Natalie"]
[Result "1-0"]
[WhiteElo "2190"]
[BlackElo "2005"]
[PlyCount "97"]
[EventDate "2017.11.25"]
[EventType "team-tourn"]
[EventRounds "9"]
[EventCountry "HUN"]
[SourceTitle "EXT 2019"]
[Source "ChessBase"]
[SourceDate "2018.10.10"]
[SourceVersion "1"]
[SourceVersionDate "2018.10.10"]
[SourceQuality "1"]
[WhiteTeam "Mako Duocor"]
[BlackTeam "Husi"]
[WhiteTeamCountry "HUN"]
[BlackTeamCountry "HUN"]

1. e4 c5 2. Nf3 d6 3. g3 Nf6 4. d3 e6 5. Bg2 Be7 6. 0-0 0-0 7. c3 Qc7 8. Re1 e5 9. Nbd2 a6 10. d4 b5 11. a4 Bb7 12. axb5 axb5 13. Rxa8 Bxa8 14. d5 Nbd7 15. b3 Rb8 16. Nh4 Ne8 17. Nf5 Bf8 18. h4 Bb7 19. Nf1 Bc8 20. g4 Ndf6 21. g5 Nd7 22. N1g3 Nb6 23. Ne3 Bd7 24. Rf1 c4 25. b4 Ra8 26. h5 Ra2 27. Ne2 Qc8 28. Qe1 Qd8 29. Nf5 g6 30. hxg6 fxg6 31. Nfg3 Bg4 32. f3 Bd7 33. Be3 Nc8 34. Qb1 Ra6 35. f4 exf4 36. Bxf4 Bg7 37. Qb2 Qb6+ 38. Kh2 Qa7 39. Qd2 Bg4 40. Bf3 Ra2 41. Qc1 Qd7 42. Qe3 Bxf3 43. Qxf3 Nb6 44. Rf2 Na4 45. e5 Rc2 46. e6 Qe7 47. Ne4 Nb2 48. Bg3 Nd3 49. Qf7+ 1-0

[Event "HUN-chT 1718"]
[Site "Hungary"]
[Date "2017.11.25"]
[Round "1.12"]
[White "Krstulovic, Alex"]
[Black "Fuad Kamel Jamaliah, Natalie"]
[Result "1-0"]
[WhiteElo "2296"]
[BlackElo "2005"]
[PlyCount "59"]
[EventDate "2017.11.25"]
[EventType "team-tourn"]
[EventRounds "9"]
[EventCountry "HUN"]
[SourceTitle "CBM 181 Extra"]
[Source "ChessBase"]
[SourceDate "2017.12.12"]
[SourceVersion "1"]
[SourceVersionDate "2017.12.12"]
[SourceQuality "1"]
[WhiteTeam "Paks"]
[BlackTeam "Husi"]
[WhiteTeamCountry "HUN"]
[BlackTeamCountry "HUN"]

1. d4 d5 2. c4 e6 3. Nf3 c6 4. Bg5 Nf6 5. Nc3 Be7 6. e3 0-0 7. Qc2 Nbd7 8. cxd5 exd5 9. Bd3 Re8 10. h3 Nf8 11. 0-0 Ne4 12. Bf4 Ng5 13. Nxg5 Bxg5 14. Bh2 Bh6 15. Ne2 Bd7 16. b4 g6 17. Rab1 a6 18. a4 b5 19. axb5 axb5 20. Nc3 Ne6 21. Ra1 Qe7 22. Qb3 f5 23. Be5 Rxa1 24. Rxa1 Ng5 25. Ra7 Nf7 26. Bxb5 Qe6 27. Nxd5 Bg5 28. Bc4 cxd5 29. Bxd5 Qe7 30. Bxf7+ 1-0

[Event "Olympiad Women-42"]
[Site "Baku"]
[Date "2016.09.04"]
[Round "3.35"]
[White "Fuad Kamel Jamaliah, Natalie"]
[Black "Sivarajasingam, Shayanna"]
[Result "1-0"]
[WhiteElo "2064"]
[BlackElo "1687"]
[PlyCount "129"]
[EventDate "2016.09.02"]
[EventType "team-swiss"]
[EventRounds "11"]
[EventCountry "AZE"]
[SourceTitle "CBM 174 Extra"]
[Source "ChessBase"]
[SourceDate "2016.10.10"]
[SourceVersion "1"]
[SourceVersionDate "2016.10.10"]
[SourceQuality "1"]
[WhiteTeam "Jordan (W)"]
[BlackTeam "Wales (W)"]
[WhiteTeamCountry "JOR"]
[BlackTeamCountry "WLS"]

1. d4 d5 2. Bf4 Nf6 3. e3 c5 4. c3 Nc6 5. Nd2 Qb6 6. Qb3 c4 7. Qc2 g6 8. e4 Na5 9. Be5 dxe4 10. Nxc4 Nxc4 11. Bxc4 Bg7 12. Qb3 Qxb3 13. axb3 0-0 14. Ne2 Rd8 15. Ng3 Bf5 16. 0-0 Ng4 17. Bxg7 Kxg7 18. Rfe1 Nf6 19. Ra5 e6 20. Rea1 a6 21. b4 Nd5 22. Bxd5 exd5 23. Nf1 Be6 24. b5 Rd6 25. R1a2 f5 26. Ne3 Rb6 27. g3 g5 28. Nc2 Rd6 29. Nb4 Bc8 30. bxa6 bxa6 31. Rc5 f4 32. Nxd5 Be6 33. Raa5 Rb8 34. Nb4 h6 35. Re5 Rdb6 36. Rxe4 f3 37. Kf1 Rc8 38. Ke1 Kf7 39. Kd2 g4 40. Rae5 Rd6 41. Ke3 Rcd8 42. Ra5 Ra8 43. Nd3 Rh8 44. Ne5+ Kf6 45. Rf4+ Kg7 46. Nxg4 Bd5 47. Ne5 Re8 48. Rc5 Rb8 49. Rc7+ Kg8 50. Rg4+ Kf8 51. Nd7+ Rxd7 52. Rxd7 Be6 53. Rf4+ Kg8 54. Rd6 Rxb2 55. Rxf3 Bc4 56. Rxh6 a5 57. Rc6 Re2+ 58. Kf4 Bd5 59. Rc8+ Kg7 60. Re3 Rxf2+ 61. Kg5 Rxh2 62. Rc7+ Bf7 63. Rf3 Rh5+ 64. Kg4 a4 65. Rcxf7+ 1-0

[Event "HUN-chT 1516"]
[Site "Hungary"]
[Date "2016.04.17"]
[Round "9.11"]
[White "Fuad Kamel Jamaliah, Natalie"]
[Black "Papp, Tamas1111"]
[Result "0-1"]
[WhiteElo "2057"]
[BlackElo "2308"]
[PlyCount "62"]
[EventDate "2015.11.07"]
[EventType "team-tourn"]
[EventRounds "11"]
[EventCountry "HUN"]
[SourceTitle "CBM 171 Extra"]
[Source "ChessBase"]
[SourceDate "2016.04.26"]
[SourceVersion "1"]
[SourceVersionDate "2016.04.26"]
[SourceQuality "1"]
[WhiteTeam "Husi"]
[BlackTeam "Penzugyor"]
[WhiteTeamCountry "HUN"]
[BlackTeamCountry "HUN"]

1. d4 Nf6 2. Bf4 e6 3. e3 b6 4. Nf3 Bb7 5. Nbd2 d5 6. c3 Bd6 7. Ne5 0-0 8. Bd3 c5 9. 0-0 Nc6 10. Bg3 Bxe5 11. dxe5 Nd7 12. f4 f5 13. Nf3 c4 14. Bc2 a5 15. Qd2 b5 16. Rab1 Nc5 17. Rfd1 Ba6 18. Bh4 Qb6 19. Nd4 Rae8 20. Kh1 Nb8 21. Rg1 Ne4 22. Qd1 Nd7 23. g4 Ndc5 24. gxf5 exf5 25. Nxf5 Rxf5 26. Bxe4 Nxe4 27. Qxd5+ Rf7 28. Rbd1 Bb7 29. Qxf7+ Kxf7 30. Rd7+ Kf8 31. Rgxg7 Ng3+ 0-1

[Event "HUN-chT 1516"]
[Site "Hungary"]
[Date "2016.02.28"]
[Round "5.9"]
[White "Fuad Kamel Jamaliah, Natalie"]
[Black "Lizak, Peter"]
[Result "0-1"]
[WhiteElo "2072"]
[BlackElo "2454"]
[PlyCount "94"]
[EventDate "2015.11.07"]
[EventType "team-tourn"]
[EventRounds "11"]
[EventCountry "HUN"]
[SourceTitle "CBM 171 Extra"]
[Source "ChessBase"]
[SourceDate "2016.04.26"]
[SourceVersion "1"]
[SourceVersionDate "2016.04.26"]
[SourceQuality "1"]
[WhiteTeam "Husi"]
[BlackTeam "Paks"]
[WhiteTeamCountry "HUN"]
[BlackTeamCountry "HUN"]

1. d4 Nf6 2. Bf4 d5 3. e3 c5 4. c3 Nc6 5. Nd2 Bf5 6. Ngf3 Qb6 7. Nh4 Bg4 8. Qb3 e6 9. h3 Bh5 10. Qxb6 axb6 11. g4 Bg6 12. Nxg6 hxg6 13. Bg2 cxd4 14. exd4 b5 15. 0-0 b4 16. Rfe1 Be7 17. Be3 0-0 18. Rec1 bxc3 19. Rxc3 Rfc8 20. a3 Bb4 21. Rc2 Bxd2 22. Rxd2 Na5 23. Re2 Nb3 24. Rd1 Ra4 25. Rd3 Nc1 26. Bxc1 Rxc1+ 27. Kh2 g5 28. Red2 Ne8 29. Rd1 Rxd1 30. Rxd1 Rc4 31. Rd2 Rc1 32. Kg3 Nd6 33. Rd3 Kf8 34. b3 Nb5 35. a4 Nc3 36. Bf3 Na2 37. Re3 Nb4 38. Be2 Rc2 39. Bf3 Ke7 40. Re1 Kd6 41. Kg2 Rd2 42. Rd1 Rxd1 43. Bxd1 Nc6 44. Kf3 Nxd4+ 45. Ke3 e5 46. b4 Nc6 47. b5 Na5 0-1

[Event "Olympiad Women-41"]
[Site "Tromsoe"]
[Date "2014.08.10"]
[Round "8.2"]
[White "Maroroa, Sue Yuchan"]
[Black "Fuad Kamel Jamaliah, Natalie"]
[Result "1/2-1/2"]
[WhiteElo "2120"]
[BlackElo "2003"]
[PlyCount "106"]
[EventDate "2014.08.02"]
[EventType "team-swiss"]
[EventRounds "11"]
[EventCountry "NOR"]
[SourceTitle "CBM 162"]
[Source "ChessBase"]
[SourceDate "2014.09.17"]
[SourceVersion "1"]
[SourceVersionDate "2014.09.17"]
[SourceQuality "1"]
[WhiteTeam "England (W)"]
[BlackTeam "Jordan (W)"]
[WhiteTeamCountry "ENG"]
[BlackTeamCountry "JOR"]

1. e4 c5 2. Nf3 e6 3. g3 d6 4. Bg2 Nf6 5. Qe2 Nc6 6. c3 Qc7 7. 0-0 Be7 8. Na3 a6 9. d4 e5 10. dxe5 dxe5 11. Bg5 Be6 12. Rfd1 0-0 13. Bxf6 Bxf6 14. Nc4 Rad8 15. Ne3 Ne7 16. Ne1 Rxd1 17. Qxd1 Rd8 18. Qe2 b5 19. a4 c4 20. N1c2 Bg5 21. axb5 axb5 22. Nb4 Bxe3 23. Qxe3 h6 24. h4 Qd6 25. Qa7 Nc6 26. Nxc6 Qxc6 27. Ra6 Qd7 28. Qxd7 Rxd7 29. Rb6 Rd1+ 30. Kh2 Bd7 31. Rb8+ Kh7 32. Rd8 Bg4 33. Rxd1 Bxd1 34. Bh3 Bf3 35. Bd7 Bxe4 36. Bxb5 Bd5 37. h5 g5 38. hxg6+ Kxg6 39. f3 Kg5 40. Kg2 f5 41. Kf2 h5 42. Ke3 f4+ 43. gxf4+ exf4+ 44. Kf2 Be6 45. Kg2 Kh4 46. Ba6 Kg5 47. Bb5 h4 48. Ba6 Bd5 49. Bb5 Be6 50. Ba6 Kf6 51. Bb5 Ke5 52. Bc6 Kf6 53. Be4 Kg5 1/2-1/2

[Event "Olympiad Women-41"]
[Site "Tromsoe"]
[Date "2014.08.04"]
[Round "3.2"]
[White "Agrest, Inna"]
[Black "Fuad Kamel Jamaliah, Natalie"]
[Result "1-0"]
[WhiteElo "2235"]
[BlackElo "2003"]
[PlyCount "49"]
[EventDate "2014.08.02"]
[EventType "team-swiss"]
[EventRounds "11"]
[EventCountry "NOR"]
[SourceTitle "CBM 162"]
[Source "ChessBase"]
[SourceDate "2014.09.17"]
[SourceVersion "1"]
[SourceVersionDate "2014.09.17"]
[SourceQuality "1"]
[WhiteTeam "Sweden (W)"]
[BlackTeam "Jordan (W)"]
[WhiteTeamCountry "SWE"]
[BlackTeamCountry "JOR"]

1. e4 c5 2. Nf3 b6 3. d4 cxd4 4. Nxd4 Bb7 5. Nc3 a6 6. Be3 e6 7. Nb3 d6 8. Qd4 b5 9. 0-0-0 Qc7 10. f3 Nc6 11. Qd2 Be7 12. Bxb5 axb5 13. Nxb5 Qd8 14. Qf2 Rxa2 15. Bb6 Qc8 16. Kb1 Ra4 17. Qg3 Rb4 18. Qxg7 Rxb5 19. Qxh8 Kd7 20. Nc5+ Ke8 21. Qxg8+ Bf8 22. Rxd6 Rxb6 23. Nd7 Ke7 24. Nxb6 Qb8 25. Rd7+ 1-0

[Event "Asian Continental op (Women) 13th"]
[Site "Sharjah"]
[Date "2014.04.24"]
[Round "8"]
[White "Assaubayeva, Bibissara"]
[Black "Fuad Kamel Jamaliah, Natalie"]
[Result "1-0"]
[WhiteElo "1891"]
[BlackElo "2015"]
[PlyCount "97"]
[EventDate "2014.04.17"]
[EventType "swiss"]
[EventRounds "9"]
[EventCountry "UAE"]
[SourceTitle "CBM 160 Extra"]
[Source "ChessBase"]
[SourceDate "2014.07.01"]
[SourceVersion "1"]
[SourceVersionDate "2014.07.01"]
[SourceQuality "1"]

1. e4 c5 2. Nf3 d6 3. d4 cxd4 4. Nxd4 Nf6 5. Nc3 a6 6. Be3 e6 7. g4 Be7 8. g5 Nfd7 9. h4 b5 10. a3 Bb7 11. Qd2 Nc6 12. f4 Nxd4 13. Bxd4 e5 14. Be3 exf4 15. Bxf4 Ne5 16. 0-0-0 0-0 17. Nd5 Rc8 18. Kb1 Bxd5 19. Qxd5 Qc7 20. c3 Qb8 21. h5 Rc5 22. Qb3 Qb7 23. Bg2 Rc4 24. Ka2 a5 25. Bxe5 a4 26. Qc2 dxe5 27. g6 h6 28. Bf1 Rc7 29. Bh3 Qb6 30. Qh2 Bf6 31. Bf5 fxg6 32. hxg6 Re7 33. Rd5 Rd8 34. Rhd1 Ree8 35. Bd7 Re7 36. Bxb5 Rxd5 37. Rxd5 Ra7 38. Qh3 Rc7 39. Bxa4 Qa6 40. Bb3 Kf8 41. Rd7 Qb6 42. Qd3 Qc6 43. Rd6 Qa8 44. Qf3 Qa7 45. Qf5 Re7 46. Rd8+ Re8 47. Rd7 Qe3 48. Rf7+ Kg8 49. Rxf6+ 1-0

[Event "Asian Continental op (Women) 13th"]
[Site "Sharjah"]
[Date "2014.04.22"]
[Round "6"]
[White "Tan, Zhongyi"]
[Black "Fuad Kamel Jamaliah, Natalie"]
[Result "1-0"]
[WhiteElo "2488"]
[BlackElo "2015"]
[PlyCount "57"]
[EventDate "2014.04.17"]
[EventType "swiss"]
[EventRounds "9"]
[EventCountry "UAE"]
[SourceTitle "CBM 160 Extra"]
[Source "ChessBase"]
[SourceDate "2014.07.01"]
[SourceVersion "1"]
[SourceVersionDate "2014.07.01"]
[SourceQuality "1"]

1. c4 c5 2. Nf3 Nf6 3. d4 cxd4 4. Nxd4 d6 5. g3 a6 6. Bg2 e6 7. 0-0 Be7 8. Nc3 0-0 9. b3 Qc7 10. e4 Nbd7 11. Be3 Rb8 12. f4 Rd8 13. Rc1 Nc5 14. Qe2 Bf8 15. Kh1 Bd7 16. g4 b6 17. g5 Ne8 18. b4 Nb7 19. f5 Rbc8 20. fxe6 Bxe6 21. Nd5 Qb8 22. Nxe6 fxe6 23. Rxf8+ Kxf8 24. Rf1+ Nf6 25. gxf6 exd5 26. fxg7+ Kg8 27. Qh5 Qc7 28. Qxd5+ Kxg7 29. Qg5+ 1-0

[Event "HUN-chT2 Charousek 1314"]
[Site "Hungary"]
[Date "2014.03.02"]
[Round "8"]
[White "Dvornitzky, Beatrix"]
[Black "Fuad Kamel Jamaliah, Natalie"]
[Result "0-1"]
[WhiteElo "1837"]
[BlackElo "1978"]
[PlyCount "70"]
[EventDate "2013.09.08"]
[EventType "team-tourn"]
[EventRounds "11"]
[EventCountry "HUN"]
[SourceTitle "EXT 2016"]
[Source "ChessBase"]
[SourceDate "2015.10.08"]
[SourceVersion "1"]
[SourceVersionDate "2015.10.08"]
[SourceQuality "1"]
[WhiteTeam "Budapest EAC"]
[BlackTeam "Budapest HUSI"]
[WhiteTeamCountry "HUN"]
[BlackTeamCountry "HUN"]

1. e4 c5 2. Nf3 d6 3. d4 cxd4 4. Nxd4 Nf6 5. Nc3 a6 6. f3 e6 7. Be3 Be7 8. Qd2 0-0 9. Be2 Qc7 10. 0-0-0 b5 11. g4 Bb7 12. g5 Nfd7 13. h4 Nc6 14. h5 Nxd4 15. Bxd4 b4 16. Nb1 Rac8 17. Bd3 Nc5 18. Bxc5 Qxc5 19. Rhg1 Kh8 20. f4 f6 21. h6 g6 22. f5 fxg5 23. Rdf1 e5 24. fxg6 hxg6 25. Qe2 Rf4 26. Nd2 Rcf8 27. Rxf4 Rxf4 28. Rg2 a5 29. Nf3 g4 30. Nd2 Bc8 31. Ba6 Be6 32. Nb3 Qb6 33. Bc4 Bxc4 34. Qxc4 Qe3+ 35. Kb1 Qe1+ 0-1

[Event "Arab-ch (Women)"]
[Site "Abu Dhabi"]
[Date "2013.12.15"]
[Round "9"]
[White "Jalloul, Maya M"]
[Black "Fuad Kamel Jamaliah, Natalie"]
[Result "0-1"]
[WhiteElo "1920"]
[BlackElo "1994"]
[PlyCount "106"]
[EventDate "2013.12.08"]
[EventType "swiss"]
[EventRounds "9"]
[EventCountry "UAE"]
[SourceTitle "CBM 157 Extra"]
[Source "ChessBase"]
[SourceDate "2013.12.19"]
[SourceVersion "1"]
[SourceVersionDate "2013.12.19"]
[SourceQuality "1"]

1. e4 c5 2. Nf3 d6 3. d4 cxd4 4. Nxd4 Nf6 5. Nc3 a6 6. Be3 e6 7. g4 Be7 8. g5 Nfd7 9. h4 b5 10. Bh3 Ne5 11. b3 Qc7 12. Nce2 Nbc6 13. Ng3 Qa5+ 14. Bd2 Qb6 15. Nxc6 Qxc6 16. f4 Nd7 17. c3 Bb7 18. Qe2 a5 19. Bg2 a4 20. 0-0 axb3 21. axb3 0-0 22. Kh2 Rxa1 23. Rxa1 Ra8 24. Rxa8+ Bxa8 25. Bf1 Nc5 26. b4 Nxe4 27. Nxe4 Qxe4 28. Qxe4 Bxe4 29. Bxb5 Bb7 30. Bd7 d5 31. Be3 Bd6 32. Kg1 Kf8 33. Kf2 Ke7 34. Bb5 f6 35. Bd3 e5 36. fxe5 Bxe5 37. Bd4 h6 38. gxh6 gxh6 39. Kf3 Bc8 40. Bb5 Kd6 41. Bc5+ Ke6 42. Bd4 f5 43. Be8 Bb7 44. b5 Bb8 45. Be3 d4+ 46. Ke2 dxe3 47. Kxe3 Kd5 48. Bf7+ Kc5 49. c4 Bg3 50. h5 f4+ 51. Ke2 Bg2 52. Bd5 Bxd5 53. cxd5 Kxd5 0-1

[Event "HUN-chT2 Charousek 1314"]
[Site "Hungary"]
[Date "2013.09.22"]
[Round "2"]
[White "Takacs, Tamas3333"]
[Black "Fuad Kamel Jamaliah, Natalie"]
[Result "0-1"]
[WhiteElo "1780"]
[BlackElo "1978"]
[PlyCount "82"]
[EventDate "2013.09.08"]
[EventType "team-tourn"]
[EventRounds "11"]
[EventCountry "HUN"]
[SourceTitle "EXT 2016"]
[Source "ChessBase"]
[SourceDate "2015.10.08"]
[SourceVersion "1"]
[SourceVersionDate "2015.10.08"]
[SourceQuality "1"]
[WhiteTeam "Komlo Banyasz"]
[BlackTeam "Budapest HUSI"]
[WhiteTeamCountry "HUN"]
[BlackTeamCountry "HUN"]

1. d4 d5 2. c4 e6 3. Nf3 Nf6 4. Bg5 Be7 5. e3 0-0 6. Nc3 h6 7. Bh4 Ne4 8. Bxe7 Qxe7 9. Nxe4 dxe4 10. Nd2 e5 11. Nb3 Rd8 12. Qc1 Bg4 13. a3 a5 14. Qc3 a4 15. Nd2 exd4 16. exd4 Nc6 17. d5 Ne5 18. h3 Nd3+ 19. Bxd3 exd3+ 20. Kf1 Be2+ 21. Kg1 Re8 22. Re1 Qh4 23. g3 Qg5 24. Rh2 Qg6 25. Qd4 Re7 26. Qf4 Rae8 27. Qd4 Qg5 28. Qc3 b5 29. cxb5 Qxd5 30. Qc6 Qg5 31. Qc1 Qxb5 32. Qc3 Re6 33. Rc1 Qg5 34. Re1 Qd5 35. Qc4 Qxc4 36. Nxc4 Rc6 37. Ne3 Rb8 38. Rb1 Rb3 39. Kg2 d2 40. Rhh1 Rcb6 41. Nd5 Bf3+ 0-1

[Event "Olympiad Women-40"]
[Site "Istanbul"]
[Date "2012.08.30"]
[Round "3.2"]
[White "Stolarczyk, Anna"]
[Black "Fuad Kamel Jamaliah, Natalie"]
[Result "1/2-1/2"]
[WhiteElo "1994"]
[BlackElo "1997"]
[PlyCount "131"]
[EventDate "2012.08.28"]
[EventType "team-swiss"]
[EventRounds "11"]
[EventCountry "TUR"]
[SourceTitle "CBM 150 Extra"]
[Source "ChessBase"]
[SourceDate "2012.10.19"]
[SourceVersion "1"]
[SourceVersionDate "2012.10.19"]
[SourceQuality "1"]
[WhiteTeam "IBCA (W)"]
[BlackTeam "Jordan (W)"]
[BlackTeamCountry "JOR"]

1. d4 d5 2. c4 e6 3. Nc3 Nf6 4. Nf3 Be7 5. Bg5 0-0 6. e3 h6 7. Bh4 Ne4 8. Bxe7 Qxe7 9. Qc2 Nxc3 10. Qxc3 c6 11. Bd3 Nd7 12. 0-0 Re8 13. Rac1 dxc4 14. Bxc4 e5 15. dxe5 Nxe5 16. Nxe5 Qxe5 17. Qb3 Qf6 18. Rfd1 Rb8 19. Rd4 Be6 20. Bxe6 Qxe6 21. Qa3 a6 22. Rcd1 Qe7 23. Qa5 Qg5 24. Qxg5 hxg5 25. Rd7 Kf8 26. Kf1 Re7 27. Ke2 f6 28. Rd8+ Rxd8 29. Rxd8+ Kf7 30. Kd3 f5 31. h3 g6 32. Kd4 Re4+ 33. Kd3 Re7 34. f3 Kf6 35. b4 Rc7 36. Rd6+ Kf7 37. e4 Re7 38. Kd4 Kg7 39. a4 fxe4 40. fxe4 Rc7 41. a5 Rf7 42. Kc5 Re7 43. Kd4 Rf7 44. g3 Rf3 45. Rd7+ Kf6 46. e5+ Ke6 47. Rxb7 Rxg3 48. Rg7 Rxh3 49. Rxg6+ Kd7 50. Rxg5 Rh1 51. Rg4 Rc1 52. Rg7+ Ke6 53. Ra7 c5+ 54. bxc5 Rd1+ 55. Ke4 Re1+ 56. Kd3 Rc1 57. Rxa6+ Kxe5 58. Rh6 Rxc5 59. a6 Rc7 60. Rb6 Kd5 61. Rb7 Rc8 62. a7 Ra8 63. Rh7 Kc6 64. Kc4 Kb6 65. Rh6+ Kxa7 66. Kb5 1/2-1/2